000 01113nam a22002177a 4500
999 _c17967
_d17967
003 BDDh-ASL
005 20231015025649.0
008 200915b1983 ||||| b||| 001 0 d
020 _a9840735764
040 _aBDDh-ASL
_cBDDh-ASL
_dBDDh-ASL
041 _abengali
082 _a297.09208
_bAHU
100 _9309
_aআহমদ, ওয়াকিল
245 1 _aউনিশ শতকে বাঙালি মুসলমানের চিন্তা ও চেতনার ধারা/
_cওয়াকিল আহমদ,
246 _aUnish Shatakey Bangali Mussalmaner Chinta O Chetoner Dhara
260 _aঢাকা:
_bবাংলা একাডেমী,
_c১৯৮৩।
300 _aষোল, ৬৮০ পৃষ্ঠা:
_bছবি;
_c২২ সে. মি.।
504 _aগ্রন্থপঞ্জি ও নির্ঘন্ট সংযুক্ত।
650 0 _9784
_aউনিশ শতকে মুসলমানদের সমাজ ব্যবস্থা
_xমুসলিম ব্যক্তি ও ব্যক্তিত্ব
942 _2ddc
_cBK